| 000 | 00678nam a2200241Ia 4500 | ||
|---|---|---|---|
| 005 | 20260430150439.0 | ||
| 008 | 008 250103s9999 xx 000 0 eng d | ||
| 037 | _aTheses | ||
| 040 | _aCRL | ||
| 040 | _beng | ||
| 040 | _ceng | ||
| 041 | _2eng | ||
| 041 | _aeng | ||
| 084 | _qCRL | ||
| 100 |
_aVerma Pankaj Au.; Gulati Kavita Gu. _91237530 |
||
| 245 | 0 | _aExperimental Studies to Evaluate the Mode of Action of Traditional Herbal Agents in Bronchial Asthma | |
| 260 | _c2022 | ||
| 300 | _a156p. | ||
| 650 | _aMedicine | ||
| 700 |
_aUniversity of Delhi. Faculty of Medical Sciences. Deptt. of Pharmacology _91237473 |
||
| 942 | _cTH | ||
| 999 |
_c1849802 _d1849802 |
||